Teaching the Teachers Trends in Teacher Education : a nevelők képzése, a nevelőképzés irányzatai : Szerkesztette Frederick Hadaway Hilliard. London, 1971. Allén and Unwin. 123 oldal : [könyvismertetés] /

Elmentve itt :
Bibliográfiai részletek
Szerző: Ujcz Pálné Orbán Magda
További közreműködők: Hilliard Frederick Hadaway
Dokumentumtípus: Cikk
Megjelent: 1973
Sorozat:Magyar pedagógia : a Magyar Tudományos Akadémia Pedagógiai Bizottságának folyóirata 73 No. 3
Kulcsszavak:Pedagógusképzés Anglia, Pedagógiai szakirodalom angol, Könyvismertetés, Tanárképzés, Anglia oktatásügye
Online Access:http://misc.bibl.u-szeged.hu/12599
LEADER 00999nab a2200193 i 4500
001 misc12599
005 20191106141551.0
008 170607s1973 hu o 0|| hun d
022 |a 0025-0260 
040 |a SZTE Miscellanea Repozitórium  |b hun 
041 |a hun 
100 2 |a Ujcz Pálné Orbán Magda 
245 1 0 |a Teaching the Teachers   |h [elektronikus dokumentum] :  |b Trends in Teacher Education : a nevelők képzése, a nevelőképzés irányzatai : Szerkesztette Frederick Hadaway Hilliard. London, 1971. Allén and Unwin. 123 oldal : [könyvismertetés] /  |c  Ujcz Pálné Orbán Magda 
260 |c 1973 
300 |a 362-364 
490 0 |a Magyar pedagógia : a Magyar Tudományos Akadémia Pedagógiai Bizottságának folyóirata  |v 73 No. 3 
695 |a Pedagógusképzés Anglia, Pedagógiai szakirodalom angol, Könyvismertetés, Tanárképzés, Anglia oktatásügye 
700 0 1 |a Hilliard Frederick Hadaway 
856 4 0 |u http://misc.bibl.u-szeged.hu/12599/1/mp_1973_003_5057_362-364.pdf  |z Dokumentum-elérés